[Event "Belgrade tt Cup"]
[Site "Belgrade"]
[Date "2013.04.21"]
[Round "5"]
[White "Mladenovic, Aleksandar"]
[Black "Brkic, Djordje"]
[Result "1/2-1/2"]
[WhiteElo "1887"]
[BlackElo "2236"]
[PlyCount "26"]
[EventDate "2013.04.17"]
[EventType "team-swiss"]
[EventRounds "5"]
[EventCountry "SRB"]
[SourceTitle "EXT 2015"]
[Source "ChessBase"]
[SourceDate "2014.11.20"]
[SourceVersion "1"]
[SourceVersionDate "2014.11.20"]
[SourceQuality "1"]

1. d4 Nf6 2. c4 c5 3. d5 b5 4. cxb5 a6 5. b6 Qxb6 6. Nc3 g6 7. e4 d6 8. h3 Bg7 9. Nf3 0-0 10. Be2 a5 11. 0-0 a4 12. Nd2 a3 13. Nc4 Qd8 1/2-1/2

[Event "Belgrade tt Cup"]
[Site "Belgrade"]
[Date "2013.04.18"]
[Round "2"]
[White "Brkic, Djordje"]
[Black "Milijanovic, Goran"]
[Result "1/2-1/2"]
[WhiteElo "2236"]
[BlackElo "2102"]
[PlyCount "94"]
[EventDate "2013.04.17"]
[EventType "team-swiss"]
[EventRounds "5"]
[EventCountry "SRB"]
[SourceTitle "EXT 2015"]
[Source "ChessBase"]
[SourceDate "2014.11.20"]
[SourceVersion "1"]
[SourceVersionDate "2014.11.20"]
[SourceQuality "1"]

1. d4 d6 2. Bg5 c6 3. c4 Qa5+ 4. Bd2 Qb6 5. Nf3 Nf6 6. Nc3 g6 7. b4 Bg7 8. e3 0-0 9. Bd3 Qc7 10. 0-0 Nbd7 11. Qb3 e5 12. dxe5 Nxe5 13. Be2 Bg4 14. Nd4 Bxe2 15. Ncxe2 d5 16. cxd5 Nxd5 17. Rac1 Nf6 18. Ng3 Qe7 19. Rfd1 Rfd8 20. a3 Ned7 21. Bc3 Ne4 22. Nxe4 Qxe4 23. Nf3 Bxc3 24. Qxc3 Nb6 25. Qf6 Nd5 26. Qxf7+ Kxf7 27. Ng5+ Ke7 28. Nxe4 a5 29. Rd4 axb4 30. axb4 Ra4 31. Nc5 Rxb4 32. Rxb4 Nxb4 33. Nxb7 Rd2 34. Nc5 Nd3 35. Nxd3 Rxd3 36. Kf1 Kd6 37. Ke2 Ra3 38. Rc2 c5 39. f4 Kd5 40. Kf3 c4 41. g4 c3 42. h4 Kc4 43. Ke2 Rb3 44. Rc1 Rb2+ 45. Kf3 Rh2 46. Kg3 Re2 47. Kf3 Rh2 1/2-1/2

[Event "SRB-chT quality"]
[Site "Belgrade"]
[Date "2010.10.27"]
[Round "7"]
[White "Mancic, Cedomir"]
[Black "Brkic, Djordje"]
[Result "0-1"]
[WhiteElo "2196"]
[BlackElo "2263"]
[PlyCount "27"]
[EventDate "2010.10.09"]
[EventType "team-tourn"]
[EventRounds "11"]
[EventCountry "YUG"]
[SourceTitle "EXT 2011"]
[Source "ChessBase"]
[SourceDate "2010.11.26"]
[SourceVersion "1"]
[SourceVersionDate "2010.11.26"]
[SourceQuality "1"]

1. Nf3 c5 2. c4 b6 3. g3 Bb7 4. Bg2 g6 5. 0-0 Bg7 6. Nc3 Nf6 7. d4 Ne4 8. Nxe4 Bxe4 9. d5 b5 10. cxb5 Qb6 11. Qb3 Qb7 12. Nd2 Bxg2 13. Kxg2 0-0 14. e4 0-1

[Event "SRB-chT quality"]
[Site "Belgrade"]
[Date "2010.10.24"]
[Round "6"]
[White "Milicevic, Aleksa"]
[Black "Brkic, Djordje"]
[Result "1-0"]
[WhiteElo "2206"]
[BlackElo "2263"]
[PlyCount "65"]
[EventDate "2010.10.09"]
[EventType "team-tourn"]
[EventRounds "11"]
[EventCountry "YUG"]
[SourceTitle "EXT 2011"]
[Source "ChessBase"]
[SourceDate "2010.11.26"]
[SourceVersion "1"]
[SourceVersionDate "2010.11.26"]
[SourceQuality "1"]

1. d4 b5 2. e4 Bb7 3. Nd2 a6 4. Ngf3 e6 5. Bd3 c5 6. c3 cxd4 7. cxd4 Nf6 8. 0-0 d6 9. a4 b4 10. Qe2 Be7 11. Rd1 Nbd7 12. Nb3 h6 13. a5 Nh7 14. Bd2 d5 15. e5 Ng5 16. Rdc1 Ne4 17. Be1 f5 18. exf6 Ndxf6 19. Ne5 0-0 20. f3 Ng5 21. Nc5 Bxc5 22. Rxc5 Nh5 23. Bxb4 Nf4 24. Qe3 Ra7 25. Rac1 Qe8 26. h4 Qa4 27. Bc3 Nh7 28. Bxh7+ Kxh7 29. Rc7 Qb5 30. Re1 Raa8 31. Nf7 e5 32. Qxe5 Ng6 33. Ng5+ 1-0

[Event "Novi Becej op 25th"]
[Site "Novi Becej"]
[Date "2007.06.15"]
[Round "7"]
[White "Nestorovic, Lazar"]
[Black "Brkic, Djordje"]
[Result "0-1"]
[WhiteElo "2086"]
[BlackElo "2285"]
[PlyCount "106"]
[EventDate "2007.06.09"]
[EventType "swiss"]
[EventRounds "9"]
[EventCountry "YUG"]
[SourceTitle "CBM 118 Extra"]
[Source "ChessBase"]
[SourceDate "2007.07.04"]
[SourceVersion "1"]
[SourceVersionDate "2007.07.04"]
[SourceQuality "1"]

1. e4 c5 2. Nf3 e6 3. d4 cxd4 4. Nxd4 a6 5. Bd3 Nf6 6. 0-0 d6 7. c4 g6 8. Nc3 Bg7 9. Be3 0-0 10. Qe2 Qc7 11. f3 Nbd7 12. Rac1 Ne5 13. b4 Nxd3 14. Qxd3 Nd7 15. f4 b6 16. Rfd1 Rd8 17. Nf3 Bb7 18. Qxd6 Qxd6 19. Rxd6 Bf8 20. Rdd1 Bxb4 21. e5 Bxf3 22. gxf3 Bc5 23. Kf2 f5 24. Na4 Bxe3+ 25. Kxe3 Rab8 26. Rd6 Kf7 27. Rcd1 Ke7 28. h4 b5 29. c5 bxa4 30. c6 Nb6 31. c7 Nc4+ 32. Kf2 Nxd6 33. exd6+ Kd7 34. Ke3 Rb2 35. cxd8Q+ Kxd8 36. Kd4 Rxa2 37. Ke5 Kd7 38. Kf6 Rh2 39. Ra1 Rxh4 40. Rxa4 Kxd6 41. Rxa6+ Kd5 42. Kg5 Rh5+ 43. Kf6 Rh3 44. Ra5+ Kd4 45. Ra3 Rh1 46. Kxe6 Re1+ 47. Kf6 Rg1 48. Ra7 h5 49. Re7 Rg3 50. Re8 h4 51. Rh8 h3 52. Re8 h2 53. Rh8 Rg2 0-1

[Event "Belgrade Ada op"]
[Site "Belgrade"]
[Date "2005.08.18"]
[Round "4"]
[White "Golobocanin, Dusan"]
[Black "Brkic, Djordje"]
[Result "1/2-1/2"]
[WhiteElo "2091"]
[BlackElo "2276"]
[PlyCount "65"]
[EventDate "2005.08.15"]
[EventType "swiss"]
[EventRounds "9"]
[EventCountry "YUG"]
[SourceTitle "CBM 107 Extra"]
[Source "ChessBase"]
[SourceDate "2005.09.01"]
[SourceVersion "1"]
[SourceVersionDate "2005.09.01"]
[SourceQuality "1"]

1. d4 Nf6 2. c3 b6 3. Bf4 g6 4. e3 Bb7 5. Nf3 Bg7 6. Bc4 0-0 7. 0-0 d6 8. Nbd2 Nbd7 9. Qe2 a6 10. h3 b5 11. Bb3 c5 12. Rfe1 Qb6 13. Rad1 a5 14. e4 a4 15. Bc2 a3 16. b3 b4 17. Nc4 Qa7 18. dxc5 Nxc5 19. Be3 Qb8 20. e5 Nfe4 21. Bd4 Nxc3 22. Bxc3 bxc3 23. exd6 exd6 24. Nxd6 Ba6 25. Qe7 Ra7 26. Qh4 h6 27. Ne5 Qc7 28. Nexf7 Rxf7 29. Bxg6 Rf8 30. Bc2 Bd3 31. Bxd3 Nxd3 32. Rxd3 c2 33. Nc4 1/2-1/2

[Event "Belgrade Ada op"]
[Site "Belgrade"]
[Date "2005.08.15"]
[Round "1"]
[White "Brkic, Djordje"]
[Black "Begovic, Ivan"]
[Result "1-0"]
[WhiteElo "2276"]
[BlackElo "1984"]
[PlyCount "70"]
[EventDate "2005.08.15"]
[EventType "swiss"]
[EventRounds "9"]
[EventCountry "YUG"]
[SourceTitle "CBM 107 Extra"]
[Source "ChessBase"]
[SourceDate "2005.09.01"]
[SourceVersion "1"]
[SourceVersionDate "2005.09.01"]
[SourceQuality "1"]

1. c4 e5 2. Nc3 b6 3. Nf3 Nc6 4. d4 exd4 5. Nxd4 Bb7 6. Bf4 Bb4 7. Ndb5 d6 8. a3 Bxc3+ 9. Nxc3 Nge7 10. e3 Ng6 11. Qg4 0-0 12. 0-0-0 Nxf4 13. Qxf4 Ne7 14. h4 Ng6 15. Qg3 h6 16. h5 Ne7 17. Bd3 a6 18. Bc2 b5 19. c5 d5 20. Rh4 f5 21. Rhd4 c6 22. f3 a5 23. e4 Qe8 24. Qe5 Qf7 25. exf5 Rae8 26. g4 Nc8 27. Qg3 Re3 28. Ne4 Rxe4 29. fxe4 Qe7 30. exd5 Qxc5 31. f6 Nd6 32. Rf4 Qf2 33. Rxf2 cxd5 34. f7+ Nxf7 35. Rxf7 Kxf7 1-0

[Event "Zagreb op"]
[Site "Zagreb"]
[Date "1999.??.??"]
[Round "4"]
[White "Brkic, Djordje"]
[Black "Franic, Milan"]
[Result "0-1"]
[WhiteElo "2201"]
[BlackElo "2435"]
[PlyCount "112"]
[EventDate "1999.??.??"]
[EventType "swiss"]
[EventRounds "9"]
[EventCountry "CRO"]
[SourceTitle "EXT 2000"]
[Source "ChessBase"]
[SourceDate "1999.11.16"]
[SourceVersion "1"]
[SourceVersionDate "1999.11.16"]
[SourceQuality "1"]

1. e4 c5 2. Nf3 d6 3. d4 cxd4 4. Nxd4 Nf6 5. Nc3 a6 6. Bc4 e6 7. Bb3 b5 8. Qf3 Qb6 9. Be3 Qb7 10. a3 Nbd7 11. 0-0 Nc5 12. Rfe1 Be7 13. Bg5 0-0 14. Ba2 h6 15. Bh4 Ra7 16. h3 Qa8 17. Qe2 Bb7 18. Bxf6 Bxf6 19. Rad1 Qb8 20. Qg4 Ba8 21. f4 Na4 22. Nxa4 bxa4 23. Nxe6 Re8 24. b4 axb3 25. Bxb3 Rae7 26. f5 fxe6 27. fxe6 Be5 28. Rf1 Qb6+ 29. Kh1 Qe3 30. Ba4 Qg3 31. Qxg3 Bxg3 32. Bxe8 Rxe8 33. Rd4 Rxe6 34. Rf3 Be5 35. Rb4 Kh7 36. Rf8 Bc6 37. Rc8 a5 38. Rxc6 axb4 39. axb4 Bg3 40. Rc3 Be1 41. Rc4 Bg3 42. Rc3 Bf4 43. g3 Be5 44. Rb3 Bd4 45. b5 Bb6 46. Rb4 Kg6 47. Kg2 Rf6 48. Rc4 Rf2+ 49. Kh1 Kf6 50. Rc6 Bc5 51. b6 Rxc2 52. b7 Rb2 53. Rc7 Bd4 54. h4 h5 55. Rd7 Be5 56. g4 hxg4 0-1

[Event "CRO-ch"]
[Site "Porec"]
[Date "1994.??.??"]
[Round "?"]
[White "Rogulj, Branko"]
[Black "Brkic, Djordje"]
[Result "1-0"]
[WhiteElo "2405"]
[BlackElo "2220"]
[PlyCount "122"]
[EventDate "1994.??.??"]
[EventType "swiss"]
[EventRounds "9"]
[EventCountry "CRO"]
[SourceTitle "EXT 1997"]
[Source "ChessBase"]
[SourceDate "1996.11.15"]
[SourceVersion "1"]
[SourceVersionDate "1996.11.15"]
[SourceQuality "1"]

1. e4 e6 2. d4 d5 3. Nc3 Bb4 4. e5 Ne7 5. a3 Bxc3+ 6. bxc3 c5 7. Nf3 Nbc6 8. Be2 Qa5 9. 0-0 Qa4 10. dxc5 0-0 11. Be3 f6 12. exf6 Rxf6 13. Bd4 Rh6 14. Bd3 Qa5 15. Re1 Bd7 16. Rb1 Qc7 17. Ne5 Rf8 18. Qg4 Nf5 19. Bxf5 exf5 20. Qg5 Bc8 21. Nxc6 Rxc6 22. Re7 Rg6 23. Rxc7 Rxg5 24. Re1 h5 25. Ree7 Rd8 26. f4 Rg6 27. Bxg7 Rc6 28. Be5 Rxc7 29. Rxc7 a5 30. Kf2 Be6 31. Rxb7 Rc8 32. Rg7+ Kf8 33. Ra7 Ke8 34. Bd6 Bd7 35. Rxa5 Kf7 36. Ra7 Ke6 37. a4 Rc6 38. a5 Bc8 39. Kg3 Ba6 40. Kh4 Kf6 41. Kxh5 Be2+ 42. Kh4 Rc8 43. Kg3 Bc4 44. Kf3 Re8 45. Be5+ Ke6 46. c6 Bb5 47. c7 Kd7 48. Ke3 Rc8 49. Kd4 Kc6 50. h4 Be2 51. Ke3 Bh5 52. Ra6+ Kc5 53. Rh6 Be8 54. a6 Bc6 55. Bd4+ Kb5 56. a7 Re8+ 57. Kf2 Rc8 58. h5 Ra8 59. Rf6 Rc8 60. h6 Ba8 61. Rb6+ Kc4 1-0